00365nam a2200145Ia 45000030006000000080041000060400015000471000029000622450045000912500006001362600042001423000006001845460012001900050017002020STCL150530s9999 xx 000 0 und d aSTCLcSTCL aHardy, G.H.;Wright, E.M. 3aAn Introduction to the Theory of Numbers a6 bOxford University Press ; Delhic2008 a0 aEnglish20220125165932.0